000 00756nam a22002537a 4500
001 0161
003 DO-SdBPM
005 20250521094148.0
007 0161
008 151005b1996 sp a 00| 0 spa d
020 _a8440219784
040 _aDO-SdBPM
_bspa
_cBPMSU
082 4 _a 808.83
_bB638s 1996
_222
245 0 0 _aBlancanieves y los siete enanitos /
_ccoordinación M. Luz Martín
260 _aBarcelona :
_bEdiciones Orbis,
_c1996.
300 _a26 p. :
_bil. ;
_c27 cm.
490 0 _aCuentos universales
590 _aInventariado, 2025/VM
650 4 _aCuentos infantiles
_vColecciones
650 4 _aPrincesas
_vcuentos infantiles
700 1 _aMartín, M. Luz
_ecoordinadora
910 _a VMateo V. Control de calidad. BPMSU
942 _2ddc
_cBK
999 _c8962
_d8962